Central Library OPAC University of Rajshahi

John Updike : (Record no. 62554)

MARC details
000 -LEADER
fixed length control field 00810nam a2200253 a 4500
001 - CONTROL NUMBER
control field 62554
003 - CONTROL NUMBER IDENTIFIER
rucl marc code BD-RjUL
005 - DATE AND TIME OF LATEST TRANSACTION
control field 20211209081110.0
008 - FIXED-LENGTH DATA ELEMENTS--GENERAL INFORMATION
fixed length control field 170124s1979 nju b 001 0 eng d
020 ## - INTERNATIONAL STANDARD BOOK NUMBER
International Standard Book Number 0139376070
International Standard Book Number 0139375996 (pbk.)
035 ## - SYSTEM CONTROL NUMBER
System control number (BD-RjUL)62680
040 ## - CATALOGING SOURCE
Original cataloging agency DLC
Transcribing agency DLC
Modifying agency DLC
-- BD-RjUL
Language of cataloging eng
041 ## - LANGUAGE CODE
Language code of text/sound track or separate title eng
082 00 - DEWEY DECIMAL CLASSIFICATION NUMBER
Classification number 813.54
Edition number 23
Author mark and year JOH 1979
245 00 - TITLE STATEMENT
Title John Updike :
Remainder of title a collection of critical essays /
Statement of responsibility, etc. edited by David Thorburn and Howard Eiland.
260 ## - PUBLICATION, DISTRIBUTION, ETC. (IMPRINT)
Place of publication, distribution, etc. Englewood Cliffs, N.J. :
Name of publisher, distributor, etc. Prentice-Hall,
Date of publication, distribution, etc. c1979.
300 ## - PHYSICAL DESCRIPTION
Pagination ix, 222 p. ;
Size 21 cm.
504 ## - BIBLIOGRAPHY, ETC. NOTE
Bibliography, etc Includes Bibliography and index.
600 10 - SUBJECT ADDED ENTRY--PERSONAL NAME
Personal name Updike, John
General subdivision Criticism and interpretation.
700 1# - ADDED ENTRY--PERSONAL NAME
Personal name Thorburn, David,
Personal name Eiland, Howard.
942 ## - ADDED ENTRY ELEMENTS (KOHA)
Source of classification or shelving scheme Dewey Decimal Classification
Koha item type Books
Holdings
Lost status Source of classification or shelving scheme Damaged status Not for loan Collection code Permanent Location Current Location Shelving location Date acquired Source of acquisition Total Checkouts Full call number Date last seen Copy number Koha item type
  Dewey Decimal Classification   Not For Loan Non-fiction Central Library, University of Rajshahi Central Library, University of Rajshahi Reading Room 28/02/1983 Asia foundation, Gift   813.54 JOH 1979 24/01/2017 C-1 Books